| 000 | 00543nam a22001697a 4500 | ||
|---|---|---|---|
| 003 | NUST | ||
| 038 | _aNusrat Nadeem | ||
| 082 | _a200 | ||
| 100 |
_aFarhat Ul Ain Syeda _9126482 |
||
| 245 |
_aDeep Transformer-based Semantic Segmentation using Remote Sense Data / _cSyeda Farhat Ul Ain |
||
| 264 |
_aIslamabad : _bSEECS, NUST, _c2022. |
||
| 300 | _a50 p. ; | ||
| 650 |
_aMS-Computer Science _926780 |
||
| 700 |
_aSupervisor: Dr. Muhammad Shahzad _996716 |
||
| 856 | _uhttp://10.250.8.41:8080/xmlui/handle/123456789/29907 | ||
| 942 |
_2ddc _cSC |
||
| 999 |
_c590973 _d590973 |
||